Nutritional biochemistry of the vitamins / (Record no. 139977)
[ view plain ]
| 000 -LEADER | |
|---|---|
| fixed length control field | 00478nam a22001697a 4500 |
| 005 - DATE AND TIME OF LATEST TRANSACTION | |
| control field | 20260305102226.0 |
| 008 - FIXED-LENGTH DATA ELEMENTS--GENERAL INFORMATION | |
| fixed length control field | 260305b |||||||| |||| 00| 0 eng d |
| 020 ## - INTERNATIONAL STANDARD BOOK NUMBER | |
| International Standard Book Number | 9780521122214 (pbk) |
| 040 ## - CATALOGING SOURCE | |
| Transcribing agency | PK-LaUMT |
| 082 ## - DEWEY DECIMAL CLASSIFICATION NUMBER | |
| Classification number | 612.399 |
| Item number | BEN-N |
| 100 ## - MAIN ENTRY--PERSONAL NAME | |
| Personal name | Bender, David A. |
| 245 ## - TITLE STATEMENT | |
| Title | Nutritional biochemistry of the vitamins / |
| Statement of responsibility, etc | by David A. Bender |
| 250 ## - EDITION STATEMENT | |
| Edition statement | 2nd ed. |
| 260 ## - PUBLICATION, DISTRIBUTION, ETC. (IMPRINT) | |
| Place of publication, distribution, etc | Cambridge : |
| Name of publisher, distributor, etc | Cambridge University Press, |
| Date of publication, distribution, etc | 2003 |
| 300 ## - PHYSICAL DESCRIPTION | |
| Extent | 488 p. |
| 942 ## - ADDED ENTRY ELEMENTS (KOHA) | |
| Koha item type | Books |
| Withdrawn status | Lost status | Damaged status | Home library | Current library | Date acquired | Full call number | Barcode | Date last seen | Price effective from | Koha item type |
|---|---|---|---|---|---|---|---|---|---|---|
| UMT Health Sciences Campus | UMT Health Sciences Campus | 2026-03-05 | 612.399 BEN-N | 152105 | 2026-03-05 | 2026-03-05 | Books |
